[Event "SRB-chT Central"]
[Site "Kragujevac"]
[Date "2013.09.22"]
[Round "11.2"]
[White "Stankovic, Milos"]
[Black "Djukic, Stevan"]
[Result "1/2-1/2"]
[WhiteElo "2407"]
[BlackElo "2252"]
[PlyCount "30"]
[EventDate "2013.09.14"]
[EventType "team-tourn"]
[EventRounds "11"]
[EventCountry "SRB"]
[SourceTitle "CBM 156 Extra"]
[Source "ChessBase"]
[SourceDate "2013.10.22"]
[SourceVersion "1"]
[SourceVersionDate "2013.10.22"]
[SourceQuality "1"]
[WhiteTeam "Kraljevo Sloga Turist"]
[BlackTeam "Donja Studena"]
[WhiteTeamCountry "SRB"]
[BlackTeamCountry "SRB"]

1. e4 e6 2. d4 d5 3. Nc3 Bb4 4. e5 Qd7 5. a3 Bxc3+ 6. bxc3 b6 7. Qg4 f5 8. Qg3 Ba6 9. Bxa6 Nxa6 10. Nh3 h6 11. Nf4 g5 12. Ne2 Ne7 13. h4 0-0-0 14. a4 Nc6 15. Qd3 Nab8 1/2-1/2

[Event "SRB-chT Central"]
[Site "Kragujevac"]
[Date "2013.09.19"]
[Round "8.6"]
[White "Brajovic, Miroljub"]
[Black "Djukic, Stevan"]
[Result "1/2-1/2"]
[WhiteElo "2135"]
[BlackElo "2252"]
[PlyCount "34"]
[EventDate "2013.09.14"]
[EventType "team-tourn"]
[EventRounds "11"]
[EventCountry "SRB"]
[SourceTitle "CBM 156 Extra"]
[Source "ChessBase"]
[SourceDate "2013.10.22"]
[SourceVersion "1"]
[SourceVersionDate "2013.10.22"]
[SourceQuality "1"]
[WhiteTeam "Prijepolje Priko"]
[BlackTeam "Donja Studena"]
[WhiteTeamCountry "SRB"]
[BlackTeamCountry "SRB"]

1. e4 e6 2. d4 d5 3. exd5 exd5 4. c4 Nf6 5. Nc3 Be7 6. Nf3 0-0 7. Be2 dxc4 8. Bxc4 Bg4 9. Be3 Nbd7 10. 0-0 Nb6 11. Be2 Nfd5 12. Ne5 Bxe2 13. Qxe2 c6 14. Qg4 Qc8 15. Qf3 f6 16. Nd3 Re8 17. Rfe1 Bf8 1/2-1/2

[Event "SRB-chT Central"]
[Site "Kraljevo"]
[Date "2011.09.25"]
[Round "11.6"]
[White "Djukic, Stevan"]
[Black "Djokic, Nenad"]
[Result "1-0"]
[WhiteElo "2226"]
[BlackElo "2362"]
[PlyCount "171"]
[EventDate "2011.09.17"]
[EventType "team-tourn"]
[EventRounds "11"]
[EventCountry "SRB"]
[SourceTitle "CBM 144 Extra"]
[Source "ChessBase"]
[SourceDate "2011.10.28"]
[SourceVersion "1"]
[SourceVersionDate "2011.10.28"]
[SourceQuality "1"]
[WhiteTeam "Celin Kamen"]
[BlackTeam "Jasenica"]
[WhiteTeamCountry "YUG"]
[BlackTeamCountry "YUG"]

1. d4 Nf6 2. c4 e6 3. Nc3 Bb4 4. Bd2 0-0 5. Nf3 b6 6. g3 Bb7 7. Bg2 d6 8. 0-0 Nbd7 9. Qc2 Qe7 10. a3 Bxc3 11. Bxc3 Ne4 12. Rfd1 Nxc3 13. Qxc3 Nf6 14. b4 Rfd8 15. Nd2 c5 16. Bxb7 Qxb7 17. dxc5 dxc5 18. bxc5 bxc5 19. Rab1 Qc6 20. Qa5 h5 21. Nf3 Rdc8 22. Rb2 Qc7 23. Qxc7 Rxc7 24. Ne5 Kf8 25. a4 Ke7 26. a5 Ne8 27. Rbd2 Nf6 28. Rd6 Rac8 29. f3 g5 30. h4 gxh4 31. gxh4 Kf8 32. a6 Ne8 33. R6d3 Nf6 34. Rb3 Kg7 35. Rb7 Ne8 36. Rd7 Rxd7 37. Nxd7 Nd6 38. Rxa7 Nxc4 39. Rb7 Rc6 40. a7 Ra6 41. Nxc5 Ra1+ 42. Kf2 Nd6 43. Rd7 Nb5 44. Nxe6+ Kf6 45. Nf4 Nxa7 46. Nxh5+ Ke6 47. Rb7 Nc8 48. Ng3 Nd6 49. Rb8 f6 50. Rb6 Ke5 51. f4+ Kd5 52. Rb4 f5 53. Kf3 Ra3+ 54. e3 Ke6 55. Rb6 Kd5 56. Rxd6+ Kxd6 57. Nxf5+ Ke6 58. Ke4 Kf6 59. Nd4 Ra1 60. f5 Ra4 61. Kf4 Ra1 62. h5 Ra4 63. h6 Rc4 64. Kg4 Rc1 65. Kf4 Rc4 66. h7 Kg7 67. Ke5 Kxh7 68. e4 Kg7 69. Ne6+ Kf7 70. Ng5+ Ke7 71. f6+ Ke8 72. Ke6 Ra4 73. e5 Ra6+ 74. Kd5 Ra1 75. Ke6 Ra6+ 76. Kf5 Ra1 77. e6 Rf1+ 78. Kg6 Rg1 79. Kh6 Rg2 80. Kg6 Rg1 81. Kf5 Rf1+ 82. Ke5 Re1+ 83. Ne4 Kf8 84. Kd5 Rd1+ 85. Kc6 Rc1+ 86. Kd7 1-0

[Event "SRB-chT2 East"]
[Site "Pozarevac"]
[Date "2009.10.11"]
[Round "11.6"]
[White "Djukic, Stevan"]
[Black "Nedeljkovic, Gojko"]
[Result "1-0"]
[WhiteElo "2199"]
[BlackElo "2197"]
[PlyCount "75"]
[EventDate "2009.09.06"]
[EventType "team"]
[EventRounds "11"]
[EventCountry "SRB"]
[SourceTitle "EXT 2012"]
[Source "ChessBase"]
[SourceDate "2011.11.24"]
[SourceVersion "1"]
[SourceVersionDate "2011.11.24"]
[SourceQuality "1"]

1. d4 Nf6 2. c4 e6 3. Nc3 Bb4 4. Bg5 c5 5. d5 h6 6. Bh4 b5 7. e4 g5 8. Bg3 Nxe4 9. Be5 f6 10. Qc2 exd5 11. cxd5 Qe7 12. Qxe4 Qxe5 13. Qxe5+ fxe5 14. Bxb5 Bb7 15. 0-0-0 Bxc3 16. bxc3 0-0 17. f3 d6 18. Nh3 Ba6 19. Bxa6 Nxa6 20. Nf2 Rf4 21. Ne4 Rd8 22. h3 Nc7 23. c4 Ne8 24. Kc2 Nf6 25. Nd2 Rd4 26. Rhe1 Nd7 27. Re4 Nb6 28. Rxd4 cxd4 29. Rb1 Rc8 30. Kd3 Kf7 31. Rb4 Ke7 32. Ne4 Kd7 33. Nd2 Kc7 34. Ke4 Nd7 35. Kf5 Nc5 36. Kg6 Nd3 37. Ra4 Kb6 38. Ne4 1-0

[Event "SRB-chT2 East"]
[Site "Pozarevac"]
[Date "2009.09.27"]
[Round "4.1"]
[White "Djukic, Stevan"]
[Black "Minic, Ivan"]
[Result "1/2-1/2"]
[WhiteElo "2199"]
[BlackElo "2128"]
[PlyCount "100"]
[EventDate "2009.09.06"]
[EventType "team"]
[EventRounds "11"]
[EventCountry "SRB"]
[SourceTitle "EXT 2012"]
[Source "ChessBase"]
[SourceDate "2011.11.24"]
[SourceVersion "1"]
[SourceVersionDate "2011.11.24"]
[SourceQuality "1"]

1. d4 d5 2. c4 c6 3. Nf3 Nf6 4. Qc2 Nbd7 5. Bf4 dxc4 6. Qxc4 Qb6 7. Qc2 g6 8. Nc3 Bg7 9. e4 0-0 10. Be2 Re8 11. 0-0 Nf8 12. h3 Be6 13. Na4 Qd8 14. Rad1 Nh5 15. Bh2 Bh6 16. Nc5 Qc8 17. Nd3 Bd7 18. Nfe5 Nf6 19. Nc5 Be6 20. a4 N6d7 21. Nxe6 Nxe6 22. Nxd7 Qxd7 23. Bg4 Qd8 24. Bxe6 fxe6 25. Qb3 Qd7 26. Rd3 Bg7 27. Rfd1 Kh8 28. a5 Rac8 29. Qb4 Red8 30. Qc5 a6 31. Rb3 Kg8 32. Rb4 Bf6 33. g4 Bg7 34. Kg2 Bf6 35. Bg3 Kf7 36. h4 e5 37. g5 Bg7 38. d5 Rc7 39. Qe3 Qc8 40. Qb3 cxd5 41. Rxd5 Rxd5 42. Qxd5+ Qe6 43. Kf3 Rd7 44. Qxe6+ Kxe6 45. Rb6+ Kf7 46. Ke3 Bh8 47. b4 Bg7 48. b5 axb5 49. Rxb5 Ke6 50. Rb6+ Kf7 1/2-1/2

[Event "SRB-chT2 East"]
[Site "Golubac"]
[Date "2008.10.18"]
[Round "9.2"]
[White "Lazic, Milan Z"]
[Black "Djukic, Stevan"]
[Result "1-0"]
[WhiteElo "2094"]
[BlackElo "2205"]
[PlyCount "63"]
[EventDate "2008.09.14"]
[EventType "team"]
[EventRounds "11"]
[EventCountry "SRB"]
[SourceTitle "EXT 2012"]
[Source "ChessBase"]
[SourceDate "2011.11.24"]
[SourceVersion "1"]
[SourceVersionDate "2011.11.24"]
[SourceQuality "1"]

1. Nf3 Nf6 2. g3 c6 3. c4 d6 4. d4 g6 5. Bg2 Bg7 6. 0-0 0-0 7. Nc3 Nbd7 8. e4 e5 9. Qc2 Qa5 10. Bd2 Qa6 11. b3 b5 12. cxb5 cxb5 13. dxe5 dxe5 14. a4 bxa4 15. Rxa4 Qb7 16. Rb1 Nb6 17. Ra5 Qc7 18. Qa2 Bb7 19. Rc1 Rfc8 20. Nxe5 Qd8 21. Nc4 Nxc4 22. bxc4 Qd4 23. Nd5 Nxe4 24. Ne7+ Kh8 25. Be3 Qd8 26. Nxc8 Nc3 27. Qd2 Qxa5 28. Bxb7 Rb8 29. Nd6 Qa3 30. Kg2 Kg8 31. c5 Be5 32. Nc4 1-0

[Event "SRB-chT2 East"]
[Site "Serbia"]
[Date "2007.09.23"]
[Round "3.2"]
[White "Keca, Dragomir"]
[Black "Djukic, Stevan"]
[Result "1-0"]
[WhiteElo "2213"]
[BlackElo "2175"]
[PlyCount "65"]
[EventDate "2007.09.09"]
[EventType "team"]
[EventRounds "11"]
[EventCountry "SRB"]
[SourceTitle "EXT 2012"]
[Source "ChessBase"]
[SourceDate "2011.11.24"]
[SourceVersion "1"]
[SourceVersionDate "2011.11.24"]
[SourceQuality "1"]
[WhiteTeam "Celin Kamen"]
[BlackTeam "Prokuplje Toplicanin"]
[WhiteTeamCountry "SRB"]
[BlackTeamCountry "SRB"]

1. c4 e5 2. Nc3 Nf6 3. Nf3 Nc6 4. g3 Bb4 5. Bg2 0-0 6. 0-0 Bxc3 7. bxc3 Re8 8. d3 e4 9. Ng5 exd3 10. exd3 h6 11. Ne4 Nxe4 12. Bxe4 d6 13. Bf4 Ne5 14. Qb3 Nd7 15. Be3 c6 16. Rfe1 Nf6 17. Bg2 Qc7 18. Bf4 b6 19. Qa3 Rd8 20. d4 Nh5 21. Bd2 Rb8 22. Bf3 Nf6 23. c5 bxc5 24. dxc5 g5 25. c4 Qd7 26. Ba5 Rf8 27. cxd6 Qh3 28. Bg2 Qf5 29. Bc3 Nd7 30. Qxa7 c5 31. Be4 Qh3 32. Rad1 Rb6 33. Qa3 1-0

[Event "SRB-ch U20"]
[Site "Zlatibor"]
[Date "2007.08.06"]
[Round "3"]
[White "Pavlik, Goran"]
[Black "Djukic, Stevan"]
[Result "1/2-1/2"]
[WhiteElo "2201"]
[BlackElo "2175"]
[PlyCount "68"]
[EventDate "2007.08.05"]
[EventType "tourn"]
[EventRounds "11"]
[EventCountry "YUG"]
[SourceTitle "CBM 119 Extra"]
[Source "ChessBase"]
[SourceDate "2007.09.04"]
[SourceVersion "1"]
[SourceVersionDate "2007.09.04"]
[SourceQuality "1"]

1. e4 e6 2. d4 d5 3. e5 c5 4. c3 Nc6 5. Nf3 Nge7 6. Na3 cxd4 7. cxd4 Nf5 8. Nc2 Bd7 9. Bd3 Be7 10. 0-0 h5 11. Bxf5 exf5 12. Qd2 Qb6 13. h4 0-0-0 14. b4 a5 15. a3 Kb8 16. Qd3 axb4 17. Bf4 Be6 18. Nxb4 Nxb4 19. axb4 Kc7 20. Bg5 Bxg5 21. Nxg5 Kd7 22. Ra5 Rb8 23. Qc3 Ra8 24. Rc5 Rhc8 25. Rc1 Rxc5 26. bxc5 Qb5 27. Nxe6 Kxe6 28. c6 Rc8 29. c7 Qb6 30. Qg3 Rxc7 31. Rxc7 Qxc7 32. Qxg7 Qc1+ 33. Kh2 Qf4+ 34. Kg1 Qc1+ 1/2-1/2

[Event "SRB-chT2 East"]
[Site "Serbia"]
[Date "2006.10.07"]
[Round "5.3"]
[White "Zivkovic, Nemanja"]
[Black "Djukic, Stevan"]
[Result "0-1"]
[WhiteElo "2127"]
[BlackElo "2181"]
[PlyCount "62"]
[EventDate "2006.09.09"]
[EventType "team"]
[EventRounds "11"]
[EventCountry "SRB"]
[SourceTitle "EXT 2012"]
[Source "ChessBase"]
[SourceDate "2011.11.24"]
[SourceVersion "1"]
[SourceVersionDate "2011.11.24"]
[SourceQuality "1"]

1. e4 c5 2. Nf3 Nc6 3. d4 cxd4 4. Nxd4 Qc7 5. Nc3 e6 6. a3 a6 7. Be3 Nf6 8. Be2 Ne5 9. 0-0 b5 10. f4 Nc4 11. Bxc4 Qxc4 12. e5 Nd5 13. Nxd5 Qxd5 14. Qg4 h5 15. Qg5 Rh6 16. f5 Bb7 17. Rf2 Rh7 18. fxe6 dxe6 19. Nf3 Qe4 20. Bb6 Be7 21. Qd2 h4 22. Rd1 Qc6 23. Qd4 h3 24. g3 Rh5 25. Rd3 f5 26. b3 Rc8 27. c4 bxc4 28. bxc4 g5 29. g4 Rh4 30. Qd7+ Qxd7 31. Rxd7 Rxg4+ 0-1

[Event "YUG-ch U20"]
[Site "Subotica"]
[Date "2004.08.16"]
[Round "5"]
[White "Djukic, Stevan"]
[Black "Dobrijevic, Milan"]
[Result "1/2-1/2"]
[WhiteElo "2156"]
[BlackElo "2171"]
[PlyCount "40"]
[EventDate "2004.08.12"]
[EventType "tourn"]
[EventRounds "13"]
[EventCountry "YUG"]
[SourceTitle "CBM 101 Extra"]
[Source "ChessBase"]
[SourceDate "2004.09.01"]
[SourceVersion "2"]
[SourceVersionDate "2004.09.01"]
[SourceQuality "1"]

1. d4 Nf6 2. c4 g6 3. f3 d5 4. cxd5 Nxd5 5. e4 Nb6 6. Nc3 Bg7 7. Be3 0-0 8. Qd2 Nc6 9. 0-0-0 e5 10. d5 Nd4 11. Nb5 c6 12. dxc6 Qf6 13. Nxd4 exd4 14. Bxd4 Qxc6+ 15. Qc3 Bxd4 16. Rxd4 Qxc3+ 17. bxc3 Be6 18. Kb2 Rac8 19. Bd3 Rc5 20. Ne2 Ra5 1/2-1/2

[Event "YUG-ch U20"]
[Site "Subotica"]
[Date "2004.08.15"]
[Round "4"]
[White "Mijovic, Stefan"]
[Black "Djukic, Stevan"]
[Result "0-1"]
[WhiteElo "2186"]
[BlackElo "2156"]
[PlyCount "56"]
[EventDate "2004.08.12"]
[EventType "tourn"]
[EventRounds "13"]
[EventCountry "YUG"]
[SourceTitle "CBM 101 Extra"]
[Source "ChessBase"]
[SourceDate "2004.09.01"]
[SourceVersion "2"]
[SourceVersionDate "2004.09.01"]
[SourceQuality "1"]

1. e4 c5 2. Nf3 a6 3. d4 cxd4 4. Nxd4 Nf6 5. Nc3 e5 6. Nb3 Bb4 7. Bd2 0-0 8. Bd3 Bxc3 9. bxc3 d5 10. exd5 Qxd5 11. 0-0 b6 12. c4 Qc6 13. Re1 Bb7 14. Bf1 Nbd7 15. Bc3 Rad8 16. Bb2 Rfe8 17. Qe2 Nf8 18. Rad1 Rxd1 19. Qxd1 Ng6 20. f3 a5 21. Nc1 h5 22. Bd3 Nf4 23. Kh1 Ng4 24. Qd2 Qc5 25. Rf1 Ne3 26. Rf2 Nexg2 27. Rxg2 Bxf3 28. Bf1 Nh3 0-1

[Event "YUG-ch U20"]
[Site "Subotica"]
[Date "2004.08.14"]
[Round "3"]
[White "Djukic, Stevan"]
[Black "Krivokapic, Marko"]
[Result "0-1"]
[WhiteElo "2156"]
[BlackElo "2329"]
[PlyCount "82"]
[EventDate "2004.08.12"]
[EventType "tourn"]
[EventRounds "13"]
[EventCountry "YUG"]
[SourceTitle "CBM 101 Extra"]
[Source "ChessBase"]
[SourceDate "2004.09.01"]
[SourceVersion "2"]
[SourceVersionDate "2004.09.01"]
[SourceQuality "1"]

1. d4 d5 2. c4 dxc4 3. Nf3 Nf6 4. e3 c5 5. Bxc4 e6 6. 0-0 a6 7. Bb3 Nc6 8. Nc3 cxd4 9. exd4 Be7 10. Bg5 0-0 11. a3 b5 12. Qd3 Bb7 13. Rad1 Na5 14. Bc2 g6 15. Ne5 Rc8 16. Qh3 Nc4 17. Bh6 Nxb2 18. Bxf8 Bxf8 19. Rd2 Nc4 20. Nxc4 Rxc4 21. d5 b4 22. Nd1 Nxd5 23. Bb3 Rc1 24. axb4 Bxb4 25. Rd3 Qc7 26. Bxd5 Bxd5 27. Qh6 Qc2 28. Qf4 a5 29. Qb8+ Kg7 30. Qe5+ f6 31. Qf4 g5 32. Qe3 Bc5 33. Qg3 Bb4 34. h4 h6 35. hxg5 hxg5 36. Qe3 Qc7 37. Nb2 Rxf1+ 38. Kxf1 Qc2 39. Qa7+ Kg6 40. Kg1 Qxb2 41. Rh3 Qc1+ 0-1

[Event "SCG-ch U18"]
[Site "Niska Banja"]
[Date "2004.??.??"]
[Round "3"]
[White "Djokic, Vladan"]
[Black "Djukic, Stevan"]
[Result "1-0"]
[WhiteElo "2161"]
[BlackElo "2156"]
[PlyCount "87"]
[EventDate "2004.04.??"]
[EventType "swiss"]
[EventRounds "9"]
[EventCountry "YUG"]
[SourceTitle "CBM 099 Extra"]
[Source "ChessBase"]
[SourceDate "2004.05.04"]
[SourceVersion "1"]
[SourceVersionDate "2004.05.04"]
[SourceQuality "1"]

1. e4 e6 2. d4 d5 3. e5 c5 4. c3 Nc6 5. Nf3 Nge7 6. a3 Nf5 7. b4 cxd4 8. cxd4 Qb6 9. Be3 Be7 10. Nc3 f6 11. Na4 Qd8 12. b5 Na5 13. Bf4 Nc4 14. Bxc4 dxc4 15. g4 fxe5 16. dxe5 Rf8 17. Qxd8+ Bxd8 18. Bd2 Ne7 19. Nd4 Nd5 20. 0-0 Bc7 21. Rae1 b6 22. Re4 Bd7 23. Nc3 a6 24. Rb1 a5 25. Nce2 Rc8 26. Nc2 Bb8 27. Be3 h6 28. a4 Bc7 29. Rc1 Bd8 30. Na3 c3 31. Nc4 Bc7 32. Nxc3 Nxe3 33. fxe3 Ke7 34. Rd4 Be8 35. Ne2 Bg6 36. Nf4 Bf7 37. Rcd1 g5 38. Rd7+ Ke8 39. Nh5 Bxh5 40. gxh5 Rd8 41. Rxd8+ Bxd8 42. Nd6+ Kd7 43. Nf5+ Kc8 44. Nxh6 1-0

[Event "Nisa Seniorsko op"]
[Site "Nisa"]
[Date "2003.04.15"]
[Round "8"]
[White "Mladenovic, Jelena"]
[Black "Djukic, Stevan"]
[Result "0-1"]
[WhiteElo "2168"]
[BlackElo "2112"]
[PlyCount "56"]
[EventDate "2003.04.09"]
[EventType "swiss"]
[EventRounds "9"]
[EventCountry "YUG"]
[SourceTitle "EXT 2004"]
[Source "ChessBase"]
[SourceDate "2003.11.25"]
[SourceVersion "1"]
[SourceVersionDate "2003.11.25"]
[SourceQuality "1"]

1. e4 e6 2. d4 d5 3. exd5 exd5 4. Nf3 Bg4 5. Be2 Bd6 6. 0-0 Ne7 7. Ne5 Bxe2 8. Qxe2 f6 9. Nd3 Nbc6 10. c3 Qd7 11. Bf4 0-0-0 12. Bxd6 Qxd6 13. Nc5 Rde8 14. Re1 Nd8 15. Nd2 h5 16. Ndb3 g5 17. Qb5 c6 18. Qb4 Nf5 19. Nd3 Qc7 20. c4 Ne7 21. Rac1 h4 22. Qa5 dxc4 23. Qxc7+ Kxc7 24. Rxc4 Nd5 25. Rcc1 Ne6 26. Ndc5 Nef4 27. g3 Ne2+ 28. Kg2 Nxc1 0-1